আমার দেখা রাজনীতির পঞ্চাশ বছর / (Record no. 2477)
[ view plain ]
| 000 -LEADER | |
|---|---|
| fixed length control field | 00947nam a22002177a 4500 |
| 003 - CONTROL NUMBER IDENTIFIER | |
| control field | BD-DhJNU |
| 005 - DATE AND TIME OF LATEST TRANSACTION | |
| control field | 20260105063125.0 |
| 008 - FIXED-LENGTH DATA ELEMENTS--GENERAL INFORMATION | |
| fixed length control field | 260104b |||||||| |||| 00| 0 eng d |
| 020 ## - INTERNATIONAL STANDARD BOOK NUMBER | |
| International Standard Book Number | 9789849274346 |
| 040 ## - CATALOGING SOURCE | |
| Original cataloging agency | BD-DhJNU |
| Language of cataloging | BEN |
| Transcribing agency | BD-DhJNU |
| Modifying agency | BD-DhJNU |
| 082 ## - DEWEY DECIMAL CLASSIFICATION NUMBER | |
| Edition number | 23 |
| Classification number | 954.14 AHF |
| 100 ## - MAIN ENTRY--PERSONAL NAME | |
| Personal name | আহমদ, আবুল মনসুর |
| 242 ## - TRANSLATION OF TITLE BY CATALOGING AGENCY | |
| Title | Fifty years of politics as I see it / |
| Statement of responsibility, etc. | Abul Mansur Ahmed |
| 245 ## - TITLE STATEMENT | |
| Title | আমার দেখা রাজনীতির পঞ্চাশ বছর / |
| Statement of responsibility, etc. | আবুল মনসুর আহমদ |
| 260 ## - PUBLICATION, DISTRIBUTION, ETC. | |
| Place of publication, distribution, etc. | ঢাকা : |
| Name of publisher, distributor, etc. | প্রথমা, |
| Date of publication, distribution, etc. | 2017. |
| 300 ## - PHYSICAL DESCRIPTION | |
| Extent | ৬৭১ পৃ. ; |
| Dimensions | ২২ সেমি. |
| 504 ## - BIBLIOGRAPHY, ETC. NOTE | |
| Bibliography, etc. note | গ্রন্থপঞ্জিগত নির্দেশিকা ও নিঘন্ট অন্তভূক্ত |
| 650 ## - SUBJECT ADDED ENTRY--TOPICAL TERM | |
| Topical term or geographic name entry element | অবিভক্ত বাংলা -- ইতিহাস |
| 650 ## - SUBJECT ADDED ENTRY--TOPICAL TERM | |
| Topical term or geographic name entry element | Undivided Bengal -- History |
| 942 ## - ADDED ENTRY ELEMENTS (KOHA) | |
| Source of classification or shelving scheme | Dewey Decimal Classification |
| Koha item type | Books |
| Suppress in OPAC | No |
| Withdrawn status | Lost status | Source of classification or shelving scheme | Damaged status | Not for loan | Collection | Home library | Current library | Shelving location | Date acquired | Source of acquisition | Total checkouts | Full call number | Barcode | Date last seen | Copy number | Price effective from | Koha item type |
|---|---|---|---|---|---|---|---|---|---|---|---|---|---|---|---|---|---|
| Dewey Decimal Classification | Non-fiction | Jagannath University Central Library | Jagannath University Central Library | General stacks | 01/04/2026 | Purchased | 954.14 AHF | JNUCL36318 | 01/04/2026 | 1 | 01/04/2026 | Books | |||||
| Dewey Decimal Classification | Non-fiction | Jagannath University Central Library | Jagannath University Central Library | General stacks | 01/04/2026 | Purchased | 954.14 AHF | JNUCL36319 | 01/04/2026 | 2 | 01/04/2026 | Books | |||||
| Dewey Decimal Classification | Non-fiction | Jagannath University Central Library | Jagannath University Central Library | General stacks | 01/05/2026 | Purchased | 954.14 AHF | JNUCL35403 | 01/05/2026 | 3 | 01/05/2026 | Books | |||||
| Dewey Decimal Classification | Non-fiction | Jagannath University Central Library | Jagannath University Central Library | General stacks | 01/05/2026 | Purchased | 954.14 AHF | JNUCL35402 | 01/05/2026 | 4 | 01/05/2026 | Books |